Online katalóg knižníc regiónu Turca

Obrázková kniha bez obrázkov (Record no. 21884)

MARC details
000 -LEADER
fixed length control field 01977cam a2200517 a 4500
001 - CONTROL NUMBER
control field 21884
003 - CONTROL NUMBER IDENTIFIER
control field VRT
005 - DATE AND TIME OF LATEST TRANSACTION
control field 20260313142849.0
008 - FIXED-LENGTH DATA ELEMENTS--GENERAL INFORMATION
fixed length control field 240318s2012 xo a c 000 j slo
015 ## - NATIONAL BIBLIOGRAPHY NUMBER
National bibliography number SNBA2013/05
020 ## - INTERNATIONAL STANDARD BOOK NUMBER
International Standard Book Number 9788022206266
Qualifying information (viaz.)
035 ## - SYSTEM CONTROL NUMBER
System control number 23F30ED1-DC69-41F3-8F2F-22501F1AD039
035 ## - SYSTEM CONTROL NUMBER
System control number urn:nbn:sk:snk-amjyn9
035 ## - SYSTEM CONTROL NUMBER
System control number urn:nbn:sk:snk-am0080ea
039 #9 - LEVEL OF BIBLIOGRAPHIC CONTROL AND CODING DETAIL [OBSOLETE]
Level of rules in bibliographic description 202407231122
Level of effort used to assign nonsubject heading access points AUTHORITY
Level of effort used to assign subject headings 202407231103
Level of effort used to assign classification AUTHORITY
Level of effort used to assign subject headings 202403181619
Level of effort used to assign classification VLOAD
Level of effort used to assign subject headings 201709222115
Level of effort used to assign classification AUTHORITY
040 ## - CATALOGING SOURCE
Original cataloging agency SVKBB
Language of cataloging slo
Transcribing agency SVKBB
Modifying agency SNK
Description conventions AACR2
041 1# - LANGUAGE CODE
Language code of text/sound track or separate title slo
Language code of original dan
044 ## - COUNTRY OF PUBLISHING/PRODUCING ENTITY CODE
MARC country code xo
ISO country code SK
072 #7 - SUBJECT CATEGORY CODE
Subject category code 821.11
Subject category code subdivision Germánske literatúry
Source konspekt
072 #7 - SUBJECT CATEGORY CODE
Subject category code 821-93
Subject category code subdivision Literatúra pre deti a mládež (beletria)
Source konspekt
080 ## - UNIVERSAL DECIMAL CLASSIFICATION NUMBER
Universal Decimal Classification number 821.113.4-32
Edition identifier 2001
080 ## - UNIVERSAL DECIMAL CLASSIFICATION NUMBER
Universal Decimal Classification number 821-93
Edition identifier 2001
100 1# - MAIN ENTRY--PERSONAL NAME
Personal name Andersen, Hans Christian,
Dates associated with a name 1805-1875
Relationship aut
240 10 - UNIFORM TITLE
Uniform title Romaner og Rejseskildringer
Language of a work Slovensky
245 10 - TITLE STATEMENT
Title Obrázková kniha bez obrázkov
Statement of responsibility, etc. Hans Christian Andersen ; [z dánskeho originálu preložila Eva Bubnášová ; ilustrácie Igor Piačka]
250 ## - EDITION STATEMENT
Edition statement 1. vyd.
260 ## - PUBLICATION, DISTRIBUTION, ETC.
Place of publication, distribution, etc. Bratislava
Name of publisher, distributor, etc. Tatran
Date of publication, distribution, etc. 2012
300 ## - PHYSICAL DESCRIPTION
Extent 79 s.
Other physical details fareb. ilustr.
Dimensions 28 cm
504 ## - BIBLIOGRAPHY, ETC. NOTE
Bibliography, etc. note Vysvetl.
655 #7 - INDEX TERM--GENRE/FORM
Genre/form data or focus term dánske príbehy
Source of term SNKPH
655 #7 - INDEX TERM--GENRE/FORM
Genre/form data or focus term publikácie pre deti
Source of term SNKPH
655 #7 - INDEX TERM--GENRE/FORM
Genre/form data or focus term Danish stories
Source of term SNKPHeng
655 #7 - INDEX TERM--GENRE/FORM
Genre/form data or focus term Children's literature
Source of term SNKPHeng
700 1# - ADDED ENTRY--PERSONAL NAME
Personal name Bubnášová, Eva,
Dates associated with a name 1985-
Relationship trl
700 1# - ADDED ENTRY--PERSONAL NAME
Personal name Piačka, Igor,
Dates associated with a name 1962-
Relationship ill
910 ## - USER-OPTION DATA (OCLC)
User-option data sllk
942 ## - ADDED ENTRY ELEMENTS (KOHA)
Source of classification or shelving scheme Dewey Decimal Classification
Koha item type Krásna literatúra pre deti
Suppress in OPAC No
949 ## - LOCAL PROCESSING INFORMATION (OCLC)
6 270001000411091
a svkbbC 57692
b svkbbm 735629
949 ## - LOCAL PROCESSING INFORMATION (OCLC)
6 17A1070955
a snkSB 85009
b snk2013/11128
o 1050/13
s 6100:20140925
949 ## - LOCAL PROCESSING INFORMATION (OCLC)
6 17A1070954
a snkSB 85009 D1
b snk2013/11129
o 1050/13
949 ## - LOCAL PROCESSING INFORMATION (OCLC)
6 273K0565052
a svkpoC 54151
b svkpo569900
949 ## - LOCAL PROCESSING INFORMATION (OCLC)
6 0174027400
a lesknPRINT
b lesknBD2014/20588
949 ## - LOCAL PROCESSING INFORMATION (OCLC)
6 2889199469
a savukV 51902
b savuk2013/1828
949 ## - LOCAL PROCESSING INFORMATION (OCLC)
6 3870A22945
a binIL 1117
b bin22945
Holdings
Stav vyradenia Strata Poškodenie Spôsob nadobudnutia Domovská knižnica Aktuálna knižnica Dátum nadobudnutia Total checkouts Čiarový kód exemplára Date last seen Typ exemplára
      Dar Obecná knižnica Horná Štubňa Obecná knižnica Horná Štubňa 13.03.2026   9788022206266 13.03.2026 Krásna literatúra pre deti
Projekt je podporený Slovenskou asociáciou knižníc
Prevádzkuje Turčianska knižnica Martin 2026